000 01011nam a22003137a 4500
001 BR8108762
003 BR-BrBNA
005 20230928091210.0
007 ta
008 230509b bl.||||| |||| 00| 0 por d
040 _aBR-BrBNA
_bpor
_cBiblioteca Nacional de Agricultura
041 _a(Por)
072 _aE40; C10
090 _ E40 BR8108762
100 1 _aTiecher, S.M.
100 1 _aSostisso, D.
100 1 _aFreitas, C.L. de
110 1 _aInstituto Nacional de Colonizacao e Reforma Agraria, Porto Alegre, RS (Brasil). Coordenadoria Regional do Rio Grande do Sul;
_96442
110 1 _aFederacao das Cooperativas de Trigo e Soja do Rio Grande do Sul Ltda., Porto Alegre (Brasil)
_94625
245 1 _aProjeto cooperativismo nas escolas
260 3 _aPorto Alegre, RS (Brasil):
_c1981.
300 _a18 p.
500 _a1 map, scale 1:3000,000
650 _aCOOPERATIVA
650 _aESCOLA
650 _aPROJETO DE DESENVOLVIMENTO
909 _a202309
_bLucia
_c55
_dLucia Elande
942 _cBK
999 _c32784
_d32784